Jane's Space Directory 1997-98 / (Record no. 615149)

000 -LEADER
fixed length control field 00305nam a22001337a 4500
003 - CONTROL NUMBER IDENTIFIER
control field NUST
005 - DATE AND TIME OF LATEST TRANSACTION
control field 20251009175508.0
020 ## - INTERNATIONAL STANDARD BOOK NUMBER
International Standard Book Number 0710615604
082 ## - DEWEY DECIMAL CLASSIFICATION NUMBER
Classification number 358.8,SPA
245 ## - TITLE STATEMENT
Title Jane's Space Directory 1997-98 /
260 ## - PUBLICATION, DISTRIBUTION, ETC.
Place of publication, distribution, etc. U.K
Name of publisher, distributor, etc. Jane's Information Group
Date of publication, distribution, etc. 1997
300 ## - PHYSICAL DESCRIPTION
Extent 551 p
942 ## - ADDED ENTRY ELEMENTS (KOHA)
Source of classification or shelving scheme
Koha item type Book
Holdings
Withdrawn status Lost status Source of classification or shelving scheme Damaged status Not for loan Permanent Location Current Location Shelving location Date acquired Total Checkouts Full call number Barcode Date last seen Price effective from Koha item type Public note
          Military College of Signals (MCS) Military College of Signals (MCS) General Stacks 10/09/2025   358.8,SPA MCS22540 10/09/2025 10/09/2025 Book Almirah No.76, Shelf No.3
© 2023 Central Library, National University of Sciences and Technology. All Rights Reserved.